04352 2202005 4500001002100000005001500021035002000036007000300056008004100059020001900100082001100119084001700130100001800147245009400165250001100259260005400270300004500324700001100369600001600380990001300396990001300409990001300422990001300435990001300448990001300461990001300474990001300487990001300500990001300513990001300526990001300539990001300552990001300565990001300578990001300591990001300604990001300617990001300630990001300643990001300656990001300669990001300682990001300695990001300708990001300721990001300734990001300747990001300760990001300773990001300786990001300799990001300812990001300825990001300838990001300851990001300864990001300877990001300890990001300903990001300916990001300929990001300942990001300955990001300968990001300981990001300994990001301007990001301020990001301033990001301046990001301059990001301072990001301085990001301098990001301111990001301124990001301137990001301150990001301163990001301176990001301189990001301202990001301215990001301228990001301241990001301254990001301267990001301280990001301293990001301306990001301319990001301332990001301345990001301358990001301371990001301384990001301397990001301410990001301423990001301436990001301449990001301462990001301475990001301488990001301501990001301514990001301527990001301540990001301553990001301566990001301579990001301592990001301605990001301618990001301631990001301644990001301657990001301670990001301683990001301696990001301709990001301722990001301735990001301748990001301761990001301774990001301787990001301800990001301813990001301826990001301839990001301852990001301865990001301878990001301891990001301904990001301917990001301930990001301943990001301956990001301969990001301982990001301995990001302008990001302021990001302034990001302047990001302060990001302073990001302086990001302099990001302112990001302125990001302138990001302151990001302164990001302177990001302190990001302203990001302216990001302229990001302242990001302255990001302268990001302281990001302294990001302307990001302320990001302333INLIS00000000000150220240725103451 a0010-0724000006ta240725 0 ind  a978-6022446774 a297.07 a297.07 ROH p0 aRohmat Chozin1 aPendidikan Agama Islam dan Budi Pekerti :bSMA/SMK/MA KELAS XII /cRohmat Chozin., Untoro acet. 1 aJakarta :bPusat Perbukuan Kemdikbudristek,c2022 axxii, 362hlm :bIlus ;c17.6 cm x 25 cm.0 aUntoro 4aAgama Islam a01430143 a01430143 a01430143 a01430143 a01430143 a01430143 a01430143 a01430143 a01430143 a01430143 a01430143 a01430143 a01430143 a01430143 a01430143 a01430143 a01430143 a01430143 a01430143 a01430143 a01430143 a01430143 a01430143 a01430143 a01430143 a01430143 a01430143 a01430143 a01430143 a01430143 a01430143 a01430143 a01430143 a01430143 a01430143 a01430143 a01430143 a01430143 a01430143 a01430143 a01430143 a01430143 a01430143 a01430143 a01430143 a01430143 a01430143 a01430143 a01430143 a01430143 a01430143 a01430143 a01430143 a01430143 a01430143 a01430143 a01430143 a01430143 a01430143 a01430143 a01430143 a01430143 a01430143 a01430143 a01430143 a01430143 a01430143 a01430143 a01430143 a01430143 a01430143 a01430143 a01430143 a01430143 a01430143 a01430143 a01430143 a01430143 a01430143 a01430143 a01430143 a01430143 a01430143 a01430143 a01430143 a01430143 a01430143 a01430143 a01430143 a01430143 a01430143 a01430143 a01430143 a01430143 a01430143 a01430143 a01430143 a01430143 a01430143 a01430143 a09230923 a09230923 a09230923 a09230923 a09230923 a09230923 a09230923 a09230923 a09230923 a09230923 a09230923 a09230923 a09230923 a09230923 a09230923 a09230923 a09230923 a09230923 a09230923 a09230923 a09230923 a09230923 a09230923 a09230923 a09230923 a09230923 a09230923 a09230923 a09230923 a09230923 a09230923 a09230923 a09230923 a09230923 a09230923 a09230923 a09230923 a09230923 a09230923 a09230923 a09230923 a09230923 a09230923 a09230923 a09230923 a09230923 a09230923 a09230923 a09230923 a09230923